Entre altares y espejos

Bibliographic Details
Main Author: Gallo, María
Format: Section = Libro
Language:Undetermined
Spanish
Published: Nicaragua [s.e.] 2004
Subjects:
LEADER 00484nam a2200193Ia 4500
008 240830s9999 xx 000 0 und d
020 |a 99924-37-20-0 
040 |a B-ESTELÍ- RUACS / 863.44 G172 
041 |a spa 
082 |a 863.44 G172 
100 1 |a Gallo, María 
245 1 0 |a Entre altares y espejos 
260 |a Nicaragua  |b [s.e.]  |c 2004 
300 |a 175 p. 
650 7 |a NOVELA NICARAGUENSE 
650 7 |b  LITERATURA DEL SIGLO XX 
942 |c BK  |2 ddc 
991 |a TEXTO 
999 |c 11648